00441nam a22001457a 4500008004100000020001800041041000800059080001300067100000600080101000800086245006100094942001200155999001700167952011100184181016b xxu||||| |||| 00| 0 eng d a9781416047148 aeng 24tha610 a4 aSHM aEssentials of Human Diseases and ConditionscFrazier,M.S 2udccBK c49924d49924 00102udc40708PËKGa002b002cPËKGd2018-10-16l0o610 FRAp002-3015746r2018-10-16w2018-10-16yBK